Estadísticas para Nombra una Respuesta Válida - NBA

Haz click aquí para intentar la prueba.

Estadísticas generales

  • Esta prueba ha sido intentada 310 veces
    (309 desde el último reinicio)
  • La puntuación promedio es 13 de 20

Estadísticas de respuestas

CategoríaRespuesta% Correcto
Jugador con más puntos que Michael Jordan
LeBron James | Kareem Abdul-Jabbar | Karl Malone |
Kobe Bryant
100%
Jugador nacido en Europa que ha sido MVPGiannis Antetokounmpo | Nikola Jokić | Dirk Nowitzki
95%
Ciudad que tuvo un equipo de la NBA en algún momento después de 1960, pero ya no lo tieneBaltimore | Buffalo | Cincinnati | Kansas City | San Diego |
Seattle | St. Louis | Syracuse | Vancouver
82%
Miembro del Salón de la Fama nacido en ÁfricaHakeem Olajuwon | Dikembe Mutombo | Steve Nash
78%
Jugador listado con una altura de 2'29m o más (todos los tiempos)
Yao Ming | Shawn Bradley | Gheorghe Mureșan | Manute Bol
76%
Persona que ha ganado el premio al Jugador Defensivo del Año más de una vezKawhi Leonard | Rudy Gobert | Dwight Howard |
Ben Wallace | Dikembe Mutombo | Dennis Rodman |
Alonzo Mourning | Mark Eaton | Sidney Moncrief
76%
Jugador listado con una altura de 2'21m o más (2021–presente)Kristaps Porziņģis | Boban Marjanović | Tacko Fall | Victor Wembanyama
76%
Jugador del "Big Three" de los Celtics en 2008Ray Allen | Kevin Garnett | Paul Pierce
74%
Jugador en el club de porcentaje de tiros de 50/40/90 en una sola temporadaStephen Curry | Steve Nash | Kevin Durant |
Larry Bird | Dirk Nowitzki | Reggie Miller | Kyrie Irving |
Malcolm Brogdon | Mark Price
73%
Jugador que jugó toda su carrera con un solo equipo (+19 años)
Dirk Nowitzki | Kobe Bryant | Tim Duncan |
John Stockton | Udonis Haslem
70%
País que ganó una medalla de oro olímpica en baloncesto masculino (aparte de los Estados Unidos)Unión Soviética | Yugoslavia | Argentina
67%
Jugador listado con una altura de 1'75 metros o menos y al menos 5000 puntos en su carreraCalvin Murphy | Muggsy Bogues | Isaiah Thomas |
Spud Webb | Nate Robinson | Earl Boykins
63%
Número 1 del draft en los años 1990, sin incluir a ShaqDerrick Coleman | Larry Johnson | Chris Webber |
Glenn Robinson | Joe Smith | Allen Iverson | Tim Duncan |
Michael Olowokandi | Elton Brand
61%
Jugador que registró un cuádruple doble (1973–presente)Nate Thurmond | Alvin Robertson | David Robinson |
Hakeem Olajuwon
56%
Comisionado de la NBAMaurice Podoloff | J. Walter Kennedy | Larry O'Brien |
David Stern | Adam Silver
55%
Titular de los Detroit Pistons en 2004Chauncey Billups | Richard Hamilton | Ben Wallace |
Rasheed Wallace | Tayshaun Prince
53%
Ganador del concurso de mates (2000-2010)Vince Carter | Desmond Mason | Jason Richardson |
Fred Jones | Josh Smith | Nate Robinson |
Gerald Green | Dwight Howard
51%
Jugador que se convirtió en un monstruo en "Space Jam"Charles Barkley | Shawn Bradley | Patrick Ewing |
Larry Johnson | Muggsy Bogues
46%
Ex jugador de UCLA que fue MVP de la NBAKareem Abdul-Jabbar | Bill Walton | Russell Westbrook
43%
Estadio actual de la NBA que no lleva el nombre de una corporaciónMadison Square Garden
39%

Distribución de puntuación

Porcentaje por número respondido

Porcentaje de gente con cada puntuación

Historial de tus puntuaciones

No has intentado esta prueba desde el último reinicio